Исследование элементов конструкции малых космический аппаратов методом модального анализа; Неразрушающий контроль: электронное приборостроение, технологии, безопасность; Т. 2

Bibliografiske detaljer
Parent link:Неразрушающий контроль: электронное приборостроение, технологии, безопасность: сборник трудов V Всероссийской научно-практической конференции студентов, аспирантов и молодых учёных, Томск, 25-29 мая 2015 г./ Национальный исследовательский Томский политехнический университет (ТПУ).— , 2015
Т. 2.— 2015.— [С. 20-22]
Hovedforfatter: Горда И. О.
Institution som forfatter: Национальный исследовательский Томский политехнический университет
Andre forfattere: Дмитриев В. С. Виктор Степанович (научный руководитель)
Summary:Заглавие с титульного экрана
Sprog:russisk
Udgivet: 2015
Serier:Проблемы космического приборостроения
Fag:
Online adgang:http://earchive.tpu.ru/handle/11683/23544
http://www.lib.tpu.ru/fulltext/c/2015/C36/V2/006.pdf
Format: Electronisk Book Chapter
KOHA link:https://koha.lib.tpu.ru/cgi-bin/koha/opac-detail.pl?biblionumber=614288

MARC

LEADER 00000naa2a2200000 4500
001 614288
005 20260117155445.0
035 |a (RuTPU)RU\TPU\conf\12458 
090 |a 614288 
100 |a 20150921d2015 k y0rusy50 ca 
101 0 |a rus 
102 |a RU 
105 |a y z 101zy 
135 |a drgn ---uucaa 
181 0 |a i  
182 0 |a b 
200 1 |a Исследование элементов конструкции малых космический аппаратов методом модального анализа  |f И. О. Горда  |g науч. рук. В. С. Дмитриев 
203 |a Текст  |c электронный 
225 1 |a Проблемы космического приборостроения 
300 |a Заглавие с титульного экрана 
320 |a [Библиогр.: с. 22 (3 назв.)] 
337 |a Adobe Reader 
461 1 |0 (RuTPU)RU\TPU\conf\12353  |t Неразрушающий контроль: электронное приборостроение, технологии, безопасность  |o сборник трудов V Всероссийской научно-практической конференции студентов, аспирантов и молодых учёных, Томск, 25-29 мая 2015 г.  |o в 2 т.  |f Национальный исследовательский Томский политехнический университет (ТПУ)  |d 2015 
463 1 |0 (RuTPU)RU\TPU\conf\12355  |t Т. 2  |v [С. 20-22]  |d 2015 
610 1 |a труды учёных ТПУ 
610 1 |a электронный ресурс 
610 1 |a элементы 
610 1 |a конструкции 
610 1 |a малые космические аппараты 
610 1 |a модальный анализ 
610 1 |a системы ориентации 
610 1 |a системы стабилизации 
700 1 |a Горда  |b И. О. 
702 1 |a Дмитриев  |b В. С.  |c специалист в области точного приборостроения  |c доктор технических наук, профессор Томского политехнического университета, зав. кафедрой точного приборостроения (ТПС) ЭФФ  |f 1940-  |g Виктор Степанович  |4 727 
712 0 2 |a Национальный исследовательский Томский политехнический университет  |c (2009- )  |9 26305 
801 2 |a RU  |b 63413507  |c 20210208  |g RCR 
856 4 |u http://earchive.tpu.ru/handle/11683/23544 
856 4 |u http://www.lib.tpu.ru/fulltext/c/2015/C36/V2/006.pdf 
942 |c BK